000 00767nam a2200277Ia 4500
001 Para_7234
003 CHAP
008 220125s9999 xx 000 0 und d
010 _a206120
040 _cCHAP
090 _aPA R-40
245 _aSome plant diseases observed in Mexico in 1958 /
_c William D. Yerkes [ et. al.]
300 _app. 500-503
500 _aSobretiro de: Plant disease reporter 43(4): 500-503, 1959
650 _aFitopatología
_941161
700 _aBorlaug, N.E.
_9172284
700 _aNiederhauser, J. S.
_9168753
700 _aYerkes William D.
901 _aPA R-40
902 _aA
905 _a000000 0000000000 00
910 _a
942 _cPARA
942 _cPARA
_d1
999 _c206120
_d206120